000 00463nam a2200145Ia 4500
008 100122s9999 xx 000 0 und d
082 _b14350
_a822
100 _aकालेलकर मधुसूदन
245 _aअपराध मीच केला
260 _bरंजना प्रकाशन
_c1964
300 _a112
630 _aअपराध मीच केला
730 _aअपराध मीच केला
942 _cBOOK
999 _c404892
_d404889